000 00794nam a22002657a 4500
001 BR9504981
003 BR-BrBNA
005 20230928094533.0
007 ta
008 230509b bl.||||| |||| 00| 0 por d
040 _aBR-BrBNA
_bpor
_cBiblioteca Nacional de Agricultura
041 _a(Por)
072 _aL01
_b7100
090 _ 7100 BR9504981
100 1 _aSatller. A.(Coord.)
110 1 _aUniversidade Federal do Rio Grande do Sul, Porto Alegre (Brasil)
111 1 _a9. Congresso Brasileiro de Apicultura
_cCandelaria, RS (Brazil)
_dNov 1992
245 1 _aAnais do 9. Congresso Brasileiro de Apicultura
260 3 _aPorto Alegre, RS (Brasil):
_c1994.
300 _a230 p.
650 _aAbelha
650 _aApicultura
909 _a202309
_bLucia
_c55
_dLucia Elande
942 _cBK
999 _c51209
_d51209